Hlavolamy pro psy : hračky, hry a prolézačky pro šikovné tlapky /
Uloženo v:
| Hlavní autor: | |
|---|---|
| Další autoři: | |
| Médium: | Kniha |
| Jazyk: | Czech |
| Vydáno: |
Praha :
Euromedia,
2019
|
| Vydání: | Vydání první |
| Edice: | Esence
|
| Témata: | |
| Celkem bylo vypůjčeno: | 5x |
| Tagy: |
Žádné tagy |
| LEADER | 01769nam a2200493 i 4500 | ||
|---|---|---|---|
| 001 | 92649 | ||
| 003 | CZ PrNK | ||
| 005 | 20240330070019.0 | ||
| 007 | ta | ||
| 008 | 181026s2019 xr a e f 000 0 cze | ||
| 015 | |a cnb003047851 | ||
| 999 | |c 92649 |d 92649 | ||
| 020 | |a 9788076171428 |q (brožováno) : |c Kč 199,00 | ||
| 040 | |a BOA001 |b cze |e rda | ||
| 041 | 1 | |a cze |h ger | |
| 072 | 7 | |a 636 |x Chov zvířat. Živočišná výroba |2 Konspekt |9 24 | |
| 080 | |a 636.7 |2 MRF | ||
| 080 | |a 636.088 |2 MRF | ||
| 080 | |a 793.7 |2 MRF | ||
| 080 | |a (035) |2 MRF | ||
| 100 | 1 | |a Sondermann, Christina |7 osa2011664482 |4 aut |9 110905 | |
| 240 | 1 | 0 | |a Denksport für Hunde. |l Česky |
| 245 | 1 | 0 | |a Hlavolamy pro psy : |b hračky, hry a prolézačky pro šikovné tlapky / |c Christina Sondermannová ; z německého originálu Denksport für Hunde ... přeložila Monika Masařová |
| 250 | |a Vydání první | ||
| 264 | 1 | |a Praha : |b Euromedia, |c 2019 | |
| 300 | |a 111 stran : |b barevné ilustrace ; |c 24 cm | ||
| 336 | |a text |b txt |2 rdacontent | ||
| 336 | |a statický obraz |b sti |2 rdacontent | ||
| 337 | |a bez média |b n |2 rdamedia | ||
| 338 | |a svazek |b nc |2 rdacarrier | ||
| 490 | 1 | |a Esence | |
| 650 | 0 | 7 | |a psi |7 ph115940 |2 czenas |
| 650 | 0 | 7 | |a výcvik zvířat |7 ph135107 |2 czenas |
| 650 | 0 | 7 | |a hlavolamy |7 ph120751 |2 czenas |
| 650 | 0 | 9 | |a dogs |2 eczenas |
| 650 | 0 | 9 | |a animal training |2 eczenas |
| 650 | 0 | 9 | |a puzzles |2 eczenas |
| 655 | 7 | |a příručky |7 fd133209 |2 czenas | |
| 655 | 9 | |a handbooks and manuals |2 eczenas | |
| 700 | 1 | |a Masařová, Monika |4 trl | |
| 830 | 0 | |a Esence | |
| 910 | |a UOG502 | ||
| 942 | |2 ddc |c KN | ||
| 993 | |0 0 |1 421180093078 |2 ddc |4 0 |6 636_000000000000000 |7 0 |9 80184 |b 0 |c 93078 |d 2020-03-18 |e 5 |f DOSP |g 636 |h 199.00 |i Koupě |l DOSP |m 1 |r 2024-12-18 |s 2024-10-01 |t 5 |w 2020-03-18 |y KN |z NAUCNA | ||